| 000 | 00969nam0a22002531 4500 | ||
|---|---|---|---|
| 001 | rc\3544417 | ||
| 005 | 20260407114526.0 | ||
| 021 |
_aRU _bРг12614-75 |
||
| 021 |
_aRU _b75-47646 |
||
| 035 | _a(NLR Aleph) 007634894 | ||
| 090 |
_a6063000 _c6063000 |
||
| 100 | _a20130115g19741975|||y0rusy50 ca | ||
| 101 | 0 | _arus | |
| 102 | _aRU | ||
| 105 | _aa z ||||| | ||
| 200 | 1 |
_aВопросы совершенствования технологии производства продукции общественного питания _eСборник науч. трудов _fМ-во торг. СССР. ВНИИ ЭТсистем |
|
| 210 |
_aМосква _cБ. и. _d1974 (вып. дан. 1975) |
||
| 215 |
_a111 с. _cил. _d20 |
||
| 712 | 0 | 2 |
_aВНИИ экономики торговли и систем управления _9389841 _3RU\NLR\AUTH\889947110 |
| 801 | 0 |
_aRU _bNLR _gpsbo |
|
| 801 | 1 |
_aRU _bELAR _2rusmarc |
|
| 852 |
_aNLR _j75-3/4820 |
||
| 942 | _cBOOK | ||
| 980 | _aNB | ||